=LDR 00000nam 2200000 4500 =001 INLIS000000000031010 =005 20130612133117 =008 ***********************************ind** =035 ##$$0010-061300000031010 =041 ##$$a ind =082 ##$$a 004 =090 ##$$a 004, Yan p =100 ##$$a Yani, Ahmad =245 ##$$a Pnduan membangun Jaringan Komputer, oleh Ahmad Yani ; penyunting, Andiek Kurniawan =260 ##$$a 2008 $b Jakarta =300 ##$$a viii,108 hlm, ilus, 22 cm =650 ##$$a Jaringan Komputer =850 ##$$a NBPNMAT